Kaur Voices : [Kaurs & the Revolution] /
Saved in:
| Corporate Author: | |
|---|---|
| Format: | Book |
| Language: | English |
| Published: |
New York, NY :
The club,
2017.
|
| Subjects: | |
| Online Access: | Read online |
| Tags: |
Add Tag
No Tags, Be the first to tag this record!
|
| LEADER | 01610cam a22004214i 4500 | ||
|---|---|---|---|
| 001 | 13007202 | ||
| 005 | 20180124132405.0 | ||
| 008 | 171215s2017 nyua f 000 0deng | ||
| 035 | |a (OCoLC)on1015545264 | ||
| 035 | |a (OCoLC)1015545264 | ||
| 035 | |a (NNC)13007202 | ||
| 040 | |a ZCU |b eng |e rda |c ZCU | ||
| 110 | 2 | |a Columbia University Sewa for Kaur Voices, |e club. | |
| 245 | 1 | 0 | |a Kaur Voices : |b [Kaurs & the Revolution] / |c Sewa. |
| 260 | |a New York, NY : |b The club, |c 2017. | ||
| 300 | |a 14 unnumbered pages: |b illustrations ; |c 22 cm | ||
| 336 | |a text |b txt |2 rdacontent | ||
| 337 | |a unmediated |b n |2 rdamedia | ||
| 338 | |a volume |b nc |2 rdacarrier | ||
| 500 | |a Cover title. | ||
| 541 | 1 | |c Gift : |a authors |d 2017. |5 NNBa | |
| 650 | 0 | |a Sikh women |z United States |y 21st century. | |
| 610 | 2 | 0 | |a Columbia University |x Students |y 21st century. |
| 610 | 2 | 0 | |a Barnard College |x Students |y 21st century. |
| 610 | 2 | 7 | |a Barnard College. |2 fast |0 (OCoLC)fst00533749 |
| 610 | 2 | 7 | |a Columbia University. |2 fast |0 (OCoLC)fst00554594 |
| 650 | 7 | |a Buddhism and politics. |2 fast |0 (OCoLC)fst00840113 | |
| 650 | 7 | |a Mountaintop removal mining. |2 fast |0 (OCoLC)fst01028392 | |
| 650 | 7 | |a Students. |2 fast |0 (OCoLC)fst01136041 | |
| 651 | 7 | |a Appalachian Region. |2 fast |0 (OCoLC)fst01240092 | |
| 651 | 7 | |a United States. |2 fast |0 (OCoLC)fst01204155 | |
| 648 | 7 | |a 2000-2099 |2 fast | |
| 655 | 7 | |a Zines. |2 lcgft | |
| 655 | 4 | |a Compilation zines. | |
| 655 | 7 | |a Zines. |2 fast |0 (OCoLC)fst01919987 | |
| 856 | 4 | 1 | |u https://issuu.com/jaipreetkaursethi/docs/kaurvoicescu |z Read online |
| 852 | 8 | 1 | |b bar,spec |h Zines |i C874k 2017 |
| 852 | 8 | 1 | |b bar |h Zines |i C874k 2017 |


